000 00476nam a2200181Ia 4500
001 3451
005 20260306145644.0
008 260306t2013||||xx |||||||||||||| ||spa||
041 _aESP
082 _a278.585
_bM19
100 _aMaldavsky, Aliocha
_eAUT
245 0 _aVocaciones inciertas. Misión y misioneros en la provincia jesuita del Perú en los siglos XVI y XVII
260 _c2013
300 _a
_c
650 _aGEN
654 _aCHU
942 _cLIB
_dJUS
_fJUS
_2ddc
_n
999 _c3451
_d3451